000 00620nam a2200241 a 4500
001 0001-1272
003 ELIB.Books
008 150623 2010 eng
020 _a0762188529
035 _a(ELIB.Books)0001-1427
092 _a242.2
_bRDA
100 _aReader's Digest Association
245 _aWindows of Hope
260 _aNew York
_bReader's Digest Association, Inc
_c2000
300 _a247
_c21 Cm
500 _aLibrary
650 _aDevotional Literature
856 _nKBTS: Library
_uKBTS: Elib
942 _2ddc
_cBK
990 _a1
998 _cbat
_e2015-06-23
999 _c11272
_d11272